Cultura Geral - Statistics

Estatísticas Gerais
  • Esse quiz foi jogado 53 vezes
  • A pontuação média é 7 de 15
Estatísticas das Respostas
Hint Resposta % Correto
Quanto é 16 ÷ 8? 2
93%
Que é utilizada para iniciar uma história infantil? Era uma vez
93%
Qual empresa detém os direitos de "Orange is the New Black" e "Stranger Things"? Netflix
74%
De que país os Açores são território? Portugal
72%
Qual é a capital nacional mais oriental da Europa? Moscovo
56%
A principal ilha do país é Honshu? Japão
51%
Que "logia" é o estudo dos animais? Zoologia
51%
Qual é a maior cidade da Europa que começa com a letra F? Frankfurt
47%
Qual região é composta pela Suécia, Noruega e Dinamarca? Escandinávia
44%
Qual igreja no Vaticano é a maior do mundo? Basílica de São Pedro
42%
Que instrumento Sherlock Holmes tocava? Violino
33%
Qual capital de estado dos EUA termina em x? Phoenix
16%
Qual cidade na fronteira França/Alemanha abriga o Parlamento da UE? Estrasburgo
12%
O que se celebra a 29 de abril? Dia Mundial da Dança
7%
De que cidade vem um Brummie? Birmingham
2%
Nenhum quiz correspondente encontrado
Distribuição das Pontuações
Porcentagem de Pessoas com Cada Pontuação
Percentil de Números Respondidos
Sua Pontuação Histórica
Você não jogou esse quiz